MARC

LEADER 00000nam a2200000Ia 4500
001 22552
008 160829s2010 xx 000 0 cat d
080 |a D-4-69 
100 |a Catalunya. Llei d'ordenació sostenible de la pesca en aigües continentals (2009)  |9 43909 
245 |a Llei 22/2009, del 23 de desembre, d'ordenació sostenible de la pesca en aigües continentals 
250 |a Ed. no venal 
260 |a Barcelona :  |b Parlament de Catalunya,  |c 2010 
300 |a 111 p. ;  |c 17 cm 
490 |a Textos legislatius ; 102 
590 |a Títol a la coberta: Llei d'ordenació sostenible de la pesca en aigües continentals.  
590 |a A la portada: Aprovada pel Ple del Parlament (tramitació núm. 200-00048/08) en la sessió núm. 67, del 17 de desembre de 2009 (Diari de Sessions del Parlament de Catalunya, sèrie P, núm. 104/VIII); Publicada en el Butlletí Oficial del Parlament de Catalunya, núm. 605/VIII, del 23 de desembre de 2009; Promulgada el 23 de desembre de 2009 (Diari Oficial de la Generalitat de Catalunya, núm. 5536, del 30 de desembre de 2009) 
650 |a Pesca  |x Dret i legislació  |x Catalunya  |9 43910 
710 1 |a Catalunya.  |b Parlament  |9 11492 
901 |a Arxiu 
942 |n 1 
952 |0 1  |1 0  |2 udc  |4 0  |5 2  |6 D469  |7 1  |9 51673  |a Arxiu  |b Arxiu  |d 2016-12-01  |l 0  |o D-4-69  |p 22552  |r 2016-12-01 00:00:00  |w 2016-12-01  |y ARXIU 
999 |c 55518  |d 55518